[Event "XII Open Vallee d'Aoste A"]
[Site "Saint Vincent - Chatillon ITA"]
[Date "2004.02.11"]
[Round "5"]
[White "Naumkin, Igor"]
[Black "Karl, Hans"]
[Result "1-0"]
[WhiteElo "2416"]
[BlackElo "2299"]
[PlyCount "91"]
[EventDate "2004.02.08"]

1. d4 Nf6 2. c4 g6 3. Nc3 Bg7 4. e4 d6 5. Nf3 O-O 6. Be2 e5 7. d5 Nh5 8. g3 f5
9. exf5 Bxf5 10. Ng5 Nf6 11. g4 Bd7 12. h4 Qe7 13. Nge4 Nxe4 14. Nxe4 Na6 15.
Be3 Rf4 16. f3 Bxg4 17. Bxf4 exf4 18. Qc2 Bf5 19. O-O-O Nc5 20. Bd3 Nxd3+ 21.
Qxd3 a6 22. h5 Qe5 23. Rd2 Rb8 24. hxg6 Bxg6 25. Re1 b6 26. Qf1 Qf5 27. Rg2 b5
28. Rg5 Qf7 29. c5 dxc5 30. Nxc5 Qf6 31. Qg2 Qd4 32. Ne4 Rd8 33. Rd1 Qa4 34.
Rxg6 hxg6 35. Qxg6 Qxa2 36. Nf6+ Kf8 37. Nh7+ Kg8 38. Nf6+ Kf8 39. Rg1 Qa1+ 40.
Kc2 Qxg1 41. Nh7+ Kg8 42. Nf6+ Kf8 43. Nh7+ Kg8 44. Qxg1 Kxh7 45. Qg5 Rd6 46.
Qxf4 1-0

[Event "XII Open Vallee d'Aoste A"]
[Site "Saint Vincent - Chatillon ITA"]
[Date "2004.02.11"]
[Round "5"]
[White "Nisipeanu, Liviu-Dieter"]
[Black "Gagunashvili, Merab"]
[Result "1-0"]
[WhiteElo "2678"]
[BlackElo "2583"]
[PlyCount "119"]
[EventDate "2004.02.08"]

1. e4 c5 2. Nf3 Nc6 3. Bb5 Nf6 4. Bxc6 dxc6 5. d3 Bg4 6. h3 Bxf3 7. Qxf3 g6 8.
Bd2 Bg7 9. Bc3 O-O 10. Nd2 Ne8 11. Bxg7 Nxg7 12. Qe3 Ne6 13. O-O-O Qd4 14. Nf3
Qxe3+ 15. fxe3 f5 16. exf5 Rxf5 17. Rdf1 Raf8 18. Nd2 Rf2 19. Rhg1 g5 20. Rxf2
Rxf2 21. Ne4 Rf8 22. Kd2 Rf5 23. Ke2 Re5 24. b3 Nc7 25. Rf1 Ne8 26. g4 Nd6 27.
Nxd6 exd6 28. Rf6 d5 29. Rf5 Rxf5 30. gxf5 Kf7 31. e4 Kf6 32. c4 h5 33. a4 b6
34. Ke3 Ke5 35. Kf3 Kf6 36. h4 g4+ 37. Kf4 dxe4 38. dxe4 Ke7 39. e5 Kf7 40. e6+
Kf6 41. Ke4 a6 42. Kf4 b5 43. a5 bxc4 44. bxc4 Ke7 45. Ke5 g3 46. f6+ Ke8 47.
Kd6 g2 48. f7+ Kf8 49. e7+ Kxf7 50. Kd7 g1=Q 51. e8=Q+ Kg7 52. Qe5+ Kg6 53.
Qe4+ Kf6 54. Qe6+ Kg7 55. Qe7+ Kg6 56. Kxc6 Qc1 57. Qe4+ Kg7 58. Kxc5 Qa3+ 59.
Kb6 Qd6+ 60. Kb7 1-0

[Event "XII Open Vallee d'Aoste A"]
[Site "Saint Vincent - Chatillon ITA"]
[Date "2004.02.11"]
[Round "5"]
[White "O'Cinneide, Mel"]
[Black "Contin, Daniel"]
[Result "0-1"]
[WhiteElo "2256"]
[BlackElo "2394"]
[PlyCount "100"]
[EventDate "2004.02.08"]

1. Nf3 Nf6 2. c4 c5 3. Nc3 b6 4. g3 Bb7 5. Bg2 g6 6. O-O Bg7 7. e3 O-O 8. d4
cxd4 9. exd4 Ne4 10. Nxe4 Bxe4 11. Re1 d5 12. Bf4 Nc6 13. Rc1 Rc8 14. b3 Nb4
15. cxd5 Qxd5 16. Qe2 Rxc1 17. Bxc1 Bxf3 18. Bxf3 Qxd4 19. Ba3 e6 20. Rd1 Qc5
21. Rd7 a5 22. Qe4 Qc3 23. Kg2 Be5 24. Qh4 Bf6 25. Qe4 Rb8 26. Bxb4 axb4 27.
Qf4 Rc8 28. Bb7 Rf8 29. h4 Be5 30. Qf3 Qc5 31. Qd3 b5 32. Qe4 Bb8 33. Qc6 Qe5
34. Ba6 Qb2 35. Bxb5 Qxa2 36. Bc4 Ba7 37. Qf3 Qa5 38. Qf6 Qb6 39. Bxe6 Qc6+ 40.
Kh2 Qxe6 41. Qxe6 fxe6 42. Rxa7 Rxf2+ 43. Kh3 Rf3 44. Re7 Re3 45. Kg4 e5 46.
Rb7 Rxb3 47. Rb5 e4 48. Re5 h5+ 49. Kf4 Rf3+ 50. Kg5 Rf5+ 0-1

[Event "XII Open Vallee d'Aoste A"]
[Site "Saint Vincent - Chatillon ITA"]
[Date "2004.02.11"]
[Round "5"]
[White "Ranieri, Fabrizio"]
[Black "Djingarova, Emilia"]
[Result "1/2-1/2"]
[WhiteElo "2192"]
[BlackElo "2344"]
[PlyCount "67"]
[EventDate "2004.02.08"]

1. e4 e5 2. Nf3 Nc6 3. Bc4 Nf6 4. d3 Be7 5. Nc3 O-O 6. O-O d6 7. h3 Na5 8. Bb5
a6 9. Ba4 b5 10. Bb3 Bb7 11. Bg5 h6 12. Bxf6 Bxf6 13. Nd5 c6 14. Nxf6+ Qxf6 15.
Qd2 Nxb3 16. axb3 c5 17. c4 Qe7 18. Nh2 f5 19. f3 f4 20. Ng4 h5 21. Nf2 b4 22.
Ra5 Rf6 23. Kh2 Raf8 24. Rh1 Rg6 25. Kg1 Qh4 26. Rh2 Bc8 27. Nh1 Rff6 28. Kf1
Rg5 29. Qf2 Qxf2+ 30. Nxf2 Kf8 31. h4 Rg3 32. Nh1 Rgg6 33. Nf2 Rg3 34. Nh1
1/2-1/2

[Event "XII Open Vallee d'Aoste A"]
[Site "Saint Vincent - Chatillon ITA"]
[Date "2004.02.11"]
[Round "5"]
[White "Roiz, Michael"]
[Black "Efimov, Igor"]
[Result "1/2-1/2"]
[WhiteElo "2544"]
[BlackElo "2505"]
[PlyCount "29"]
[EventDate "2004.02.08"]

1. c4 e6 2. Nf3 d5 3. d4 Nf6 4. Nc3 Be7 5. e3 O-O 6. b3 Bb4 7. Bd2 Nbd7 8. a3
Be7 9. Bd3 b6 10. cxd5 exd5 11. b4 c6 12. O-O a5 13. bxa5 Rxa5 14. a4 Ba6 15.
Bxa6 1/2-1/2

[Event "XII Open Vallee d'Aoste A"]
[Site "Saint Vincent - Chatillon ITA"]
[Date "2004.02.11"]
[Round "5"]
[White "Sedina, Elena"]
[Black "Delchev, Aleksander"]
[Result "0-1"]
[WhiteElo "2393"]
[BlackElo "2624"]
[PlyCount "120"]
[EventDate "2004.02.08"]

1. e4 e5 2. Nf3 Nc6 3. Nc3 Nf6 4. g3 Bc5 5. Bg2 d6 6. d3 a6 7. Nd5 Nxd5 8. exd5
Ne7 9. d4 exd4 10. Nxd4 O-O 11. O-O Ng6 12. c3 Qf6 13. h3 Bxd4 14. cxd4 b6 15.
Be3 Bb7 16. Rc1 Rac8 17. Qh5 Qe7 18. Rfe1 f6 19. Rc3 Qf7 20. Rec1 f5 21. b3
Rfd8 22. g4 Rd7 23. Qxf5 Qxf5 24. gxf5 Ne7 25. Re1 Nxd5 26. Bxd5+ Bxd5 27. Bg5
Rf7 28. Re7 Rxf5 29. Bd2 Rf7 30. Rxf7 Kxf7 31. Bf4 Ke6 32. Kf1 Rf8 33. Bc1 Kd7
34. Ke2 a5 35. Rg3 Rf7 36. a3 Re7+ 37. Kd1 Kc6 38. Bd2 g6 39. Rc3+ Kd7 40. Be3
Re4 41. f4 Re7 42. Bd2 Rf7 43. h4 Ke6 44. Rg3 Kf5 45. Kc2 h6 46. Rg1 Re7 47. b4
a4 48. Kd3 Bc6 49. Be3 Bb5+ 50. Kd2 Bc4 51. Rc1 d5 52. Rg1 Re6 53. Rg3 Rc6 54.
Rg1 Re6 55. Rg3 Re4 56. Kc3 Bb5 57. Kd2 Re6 58. Rg1 Ke4 59. Rc1 Bc4 60. Kc3
Kxe3 0-1

[Event "XII Open Vallee d'Aoste A"]
[Site "Saint Vincent - Chatillon ITA"]
[Date "2004.02.11"]
[Round "5"]
[White "Sulava, Nenad"]
[Black "Golod, Vitali"]
[Result "1/2-1/2"]
[WhiteElo "2477"]
[BlackElo "2544"]
[PlyCount "29"]
[EventDate "2004.02.08"]

1. Nf3 Nf6 2. g3 d5 3. Bg2 c6 4. O-O Bf5 5. b3 h6 6. Bb2 e6 7. c4 Be7 8. d3 Bh7
9. Nbd2 O-O 10. a3 a5 11. Ra2 Nbd7 12. Qa1 Re8 13. Ne5 Bf8 14. Nxd7 Nxd7 15.
Bc3 1/2-1/2

[Event "XII Open Vallee d'Aoste A"]
[Site "Saint Vincent - Chatillon ITA"]
[Date "2004.02.11"]
[Round "5"]
[White "Tolhuizen, Ludo"]
[Black "Borgo, Giulio"]
[Result "0-1"]
[WhiteElo "2259"]
[BlackElo "2409"]
[PlyCount "120"]
[EventDate "2004.02.08"]

1. d4 d5 2. Nf3 Nf6 3. Bf4 c5 4. e3 Bg4 5. Nbd2 e6 6. c3 Nc6 7. Qa4 Nd7 8. Bb5
Qc8 9. h3 Bh5 10. g4 Bg6 11. Nh4 Nb6 12. Qd1 c4 13. Nxg6 hxg6 14. Nf3 Be7 15.
Ne5 g5 16. Bg3 Rh6 17. Kf1 f6 18. Nxc6 bxc6 19. Ba4 Qd7 20. Kg2 Bd6 21. Bc2
Bxg3 22. fxg3 O-O-O 23. Qf3 Qe7 24. e4 c5 25. Rae1 cxd4 26. cxd4 Qb4 27. Qc3
Qb5 28. e5 Nd7 29. exf6 Rxf6 30. Rhf1 Qc6 31. Qa5 Rxf1 32. Rxf1 Qb7 33. Qc3 e5
34. Rf7 e4 35. b3 Qc6 36. bxc4 dxc4 37. Qe3 Nf6 38. Rxa7 Qd5 39. Qa3 Rd6 40.
Ra8+ Kd7 41. Qa7+ Ke6 42. Rf8 Rd7 43. Qb6+ Qd6 44. d5+ Ke7 45. Qxd6+ Kxd6 46.
Kf2 Ke5 47. Ke2 Kd4 48. Rb8 Rxd5 49. a4 Kc3 50. Bb1 Rd2+ 51. Ke3 Rd4 52. Rb5
Nd5+ 53. Ke2 e3 54. a5 Rd2+ 55. Ke1 Nb4 56. Re5 Rb2 57. Bg6 Nd3+ 58. Bxd3 Kxd3
59. Rd5+ Ke4 60. Rxg5 c3 0-1

[Event "XII Open Vallee d'Aoste A"]
[Site "Saint Vincent - Chatillon ITA"]
[Date "2004.02.11"]
[Round "5"]
[White "Valenti, Giuseppe"]
[Black "D'Amore, Carlo"]
[Result "1/2-1/2"]
[WhiteElo "2305"]
[BlackElo "2441"]
[PlyCount "57"]
[EventDate "2004.02.08"]

1. e4 e5 2. Nf3 d6 3. d4 Nf6 4. Nc3 Nbd7 5. Bc4 Be7 6. O-O O-O 7. Re1 c6 8. a4
Qc7 9. a5 b5 10. axb6 Nxb6 11. Bf1 Bg4 12. Be3 Nfd7 13. h3 Bh5 14. g4 Bg6 15.
Nd2 Rfe8 16. Nb3 Bf8 17. Qf3 d5 18. exd5 Bxc2 19. dxc6 e4 20. Qg2 Bxb3 21. cxd7
Nxd7 22. Rec1 Qb7 23. Ba6 Qb4 24. Bb5 Red8 25. Bc6 Rac8 26. Bxe4 a5 27. Qf3 Nb6
28. Qf5 g6 29. Qxa5 1/2-1/2

[Event "XII Open Vallee d'Aoste A"]
[Site "Saint Vincent - Chatillon ITA"]
[Date "2004.02.11"]
[Round "5"]
[White "Zelcic, Robert"]
[Black "Brady, Stephen"]
[Result "1-0"]
[WhiteElo "2524"]
[BlackElo "2362"]
[PlyCount "104"]
[EventDate "2004.02.08"]

1. e4 e6 2. d4 d5 3. Nc3 Nf6 4. e5 Nfd7 5. f4 c5 6. Nf3 Nc6 7. Be3 cxd4 8. Nxd4
Bc5 9. Qd2 O-O 10. O-O-O a6 11. Kb1 Nxd4 12. Bxd4 b5 13. Qe3 Qc7 14. Bd3 b4 15.
Qh3 g6 16. Ne2 a5 17. Qe3 Ba6 18. h4 a4 19. h5 Rfc8 20. hxg6 fxg6 21. Bxa6 Rxa6
22. Rxh7 Kxh7 23. Rh1+ Kg7 24. Qd3 Nf8 25. Qxa6 Bxd4 26. Nxd4 Qc4 27. Qxc4 Rxc4
28. Rd1 Kf7 29. b3 axb3 30. axb3 Rc3 31. Rd3 Rxd3 32. cxd3 g5 33. g3 Ng6 34.
Nc2 g4 35. Ne3 Ne7 36. Kc2 Nf5 37. Nxg4 Nxg3 38. Kd2 Nf5 39. Ne3 Nd4 40. Nc2
Nxb3+ 41. Ke3 Ke7 42. Nxb4 Na5 43. f5 exf5 44. Kf4 Ke6 45. Na6 d4 46. Nc7+ Kd7
47. Nb5 Ke6 48. Nxd4+ Kd5 49. Nf3 Ke6 50. Ng5+ Kd5 51. e6 Kd6 52. Kxf5 Ke7 1-0

[Event "XII Open Vallee d'Aoste A"]
[Site "Saint Vincent - Chatillon ITA"]
[Date "2004.02.11"]
[Round "5"]
[White "Zhukova, Natalia"]
[Black "Nordahl, Helge"]
[Result "1/2-1/2"]
[WhiteElo "2462"]
[BlackElo "2346"]
[PlyCount "33"]
[EventDate "2004.02.08"]

1. d4 d6 2. c4 e5 3. d5 Be7 4. e4 Bg5 5. Nd2 f5 6. Bd3 Bxd2+ 7. Bxd2 fxe4 8.
Bxe4 Nf6 9. Bg5 O-O 10. Qc2 h6 11. Bh4 g5 12. Bg3 Nxe4 13. Qxe4 Bf5 14. Qe3 Na6
15. a3 Nc5 16. Rd1 e4 17. b3 1/2-1/2

[Event "XII Open Vallee d'Aoste A"]
[Site "Saint Vincent - Chatillon ITA"]
[Date "2004.02.12"]
[Round "6"]
[White "Borgo, Giulio"]
[Black "Guido, Flavio"]
[Result "1/2-1/2"]
[WhiteElo "2409"]
[BlackElo "2315"]
[PlyCount "81"]
[EventDate "2004.02.08"]

1. c4 Nf6 2. Nf3 c5 3. Nc3 e6 4. g3 d5 5. cxd5 Nxd5 6. Bg2 Nc6 7. O-O Be7 8. d4
O-O 9. Nxd5 exd5 10. dxc5 Bxc5 11. Bg5 Qd7 12. Ne1 d4 13. Nd3 Bb6 14. Rc1 Re8
15. Bf4 Qe7 16. Re1 Bf5 17. e4 dxe3 18. Bxe3 Bxe3 19. Rxe3 Qf6 20. Qe2 Rxe3 21.
Qxe3 Bxd3 22. Qxd3 Rd8 23. Re1 g6 24. Qe2 Kg7 25. h4 Rd6 26. b3 b6 27. Bxc6
Rxc6 28. Rd1 Rd6 29. Rxd6 Qxd6 30. a4 a5 31. Qc4 h5 32. Kg2 Kf6 33. Kf3 Ke7 34.
Ke3 Qe5+ 35. Kd3 Qd6+ 36. Kc2 Qc5 37. Qxc5+ bxc5 38. Kd3 Kd6 39. Ke4 Ke6 40. f3
f6 41. Kd3 1/2-1/2

[Event "XII Open Vallee d'Aoste A"]
[Site "Saint Vincent - Chatillon ITA"]
[Date "2004.02.12"]
[Round "6"]
[White "Brady, Stephen"]
[Black "Flear, Christine"]
[Result "1-0"]
[WhiteElo "2362"]
[BlackElo "2249"]
[PlyCount "129"]
[EventDate "2004.02.08"]

1. e4 c5 2. c3 Nf6 3. e5 Nd5 4. d4 cxd4 5. Nf3 Nc6 6. Bc4 Nb6 7. Bb3 d5 8. exd6
Qxd6 9. O-O Be6 10. Bxe6 Qxe6 11. Nxd4 Qd7 12. Be3 Nc4 13. Nd2 Nxd2 14. Qxd2 e5
15. Nxc6 Qxd2 16. Bxd2 bxc6 17. Be3 Kd7 18. f4 e4 19. Rad1+ Kc7 20. Rd4 Bd6 21.
f5 c5 22. Rxe4 Rhe8 23. Rxe8 Rxe8 24. Kf2 Kc6 25. Kf3 Be5 26. Re1 Bf6 27. Re2
a5 28. Rd2 a4 29. g4 h6 30. c4 Rb8 31. Rd5 Rxb2 32. Rxc5+ Kd6 33. Rd5+ Kc6 34.
Rc5+ Kd6 35. a3 Rb3 36. Rd5+ Kc6 37. Rc5+ Kd6 38. Rd5+ Kc6 39. Ke4 Rxa3 40.
Rc5+ Kd6 41. Ra5 Ra1 42. c5+ Kc6 43. Ra6+ Kb7 44. Rb6+ Kc8 45. Bf4 a3 46. c6
Re1+ 47. Kd3 Be5 48. Bxe5 Rxe5 49. Ra6 Rc5 50. Kd4 Rc2 51. Rxa3 Rxc6 52. Ra7
Rb6 53. Ke5 Rb4 54. h3 h5 55. g5 Rb5+ 56. Kf4 Rb4+ 57. Kg3 h4+ 58. Kf3 Rb3+ 59.
Kg4 Rb4+ 60. Kh5 g6+ 61. fxg6 fxg6+ 62. Kxg6 Rb3 63. Kh7 Rxh3 64. g6 Rg3 65. g7
1-0

[Event "XII Open Vallee d'Aoste A"]
[Site "Saint Vincent - Chatillon ITA"]
[Date "2004.02.12"]
[Round "6"]
[White "Contin, Daniel"]
[Black "Mchedlishvili, Mikheil"]
[Result "1/2-1/2"]
[WhiteElo "2394"]
[BlackElo "2557"]
[PlyCount "95"]
[EventDate "2004.02.08"]

1. c4 e5 2. Nc3 Nf6 3. Nf3 Nc6 4. g3 Bb4 5. Nd5 Bc5 6. Bg2 O-O 7. O-O d6 8. d4
Nxd4 9. Nxd4 exd4 10. Bg5 c6 11. Nxf6+ gxf6 12. Bh4 Qe7 13. Qd2 Kg7 14. b4 Bb6
15. Rae1 Qe5 16. e4 Be6 17. f4 Qh5 18. f5 Bxc4 19. Rf4 Be2 20. Rxe2 Qxe2 21.
Qxe2 d3+ 22. Qf2 h5 23. Bf3 Rh8 24. g4 Bxf2+ 25. Kxf2 a5 26. bxa5 Rxa5 27. gxh5
Rxa2+ 28. Ke3 Rxh2 29. Rg4+ Kf8 30. Bxf6 R8xh5 31. Rg1 R5h3 32. Rd1 d2 33. e5
dxe5 34. Bxe5 Rh1 35. Rxh1 Rxh1 36. Kxd2 Rh3 37. Ke3 Ke7 38. f6+ Ke6 39. Bd4
Kf5 40. Kf2 Kf4 41. Be3+ Ke5 42. Bg4 Rh8 43. Bc1 Ra8 44. Bb2+ Kf4 45. Be2 Ra2
46. Bc3 b5 47. Bb4 Rc2 48. Bf8 1/2-1/2

[Event "XII Open Vallee d'Aoste A"]
[Site "Saint Vincent - Chatillon ITA"]
[Date "2004.02.12"]
[Round "6"]
[White "Delchev, Aleksander"]
[Black "Kveinys, Aloyzas"]
[Result "1/2-1/2"]
[WhiteElo "2624"]
[BlackElo "2511"]
[PlyCount "95"]
[EventDate "2004.02.08"]

1. d4 Nf6 2. c4 e6 3. Nf3 d5 4. Nc3 Nbd7 5. Bg5 h6 6. Bh4 dxc4 7. e3 Nb6 8.
Bxc4 Nxc4 9. Qa4+ Bd7 10. Qxc4 Bc6 11. Ne5 Bd7 12. d5 Bd6 13. Nxd7 Qxd7 14.
Bxf6 gxf6 15. O-O-O f5 16. dxe6 fxe6 17. e4 fxe4 18. Nxe4 O-O 19. Rhe1 Rae8 20.
Kb1 Qe7 21. Re2 a6 22. Qb3 Be5 23. Rde1 Kh8 24. Nd2 Bg7 25. Rxe6 Qd7 26. Nf3
Rxe6 27. Rxe6 Rf5 28. Qe3 Qd1+ 29. Qc1 Qd7 30. Qe3 Qd4 31. Qc1 Qd7 32. Re2 Rb5
33. Rd2 Qf5+ 34. Ka1 c5 35. Qb1 Qf6 36. Re2 c4 37. Re8+ Bf8 38. Rc8 Rc5 39.
Rxc5 Bxc5 40. Qe1 Kg7 41. a4 b5 42. Qe4 Qd6 43. Ka2 Qd1 44. Qe5+ Kg8 45. Qe6+
Kh7 46. Qf5+ Kh8 47. Qc8+ Kh7 48. Qxc5 1/2-1/2

[Event "XII Open Vallee d'Aoste A"]
[Site "Saint Vincent - Chatillon ITA"]
[Date "2004.02.12"]
[Round "6"]
[White "Djingarova, Emilia"]
[Black "Rybenko, Kseniya"]
[Result "1/2-1/2"]
[WhiteElo "2344"]
[BlackElo "2242"]
[PlyCount "99"]
[EventDate "2004.02.08"]

1. e4 c5 2. Nf3 Nc6 3. Bb5 g6 4. Bxc6 dxc6 5. d3 Bg7 6. h3 b6 7. Nc3 e5 8. Be3
Ne7 9. Qd2 h6 10. Ne2 Be6 11. g4 Qd7 12. Qc3 O-O-O 13. a4 a5 14. O-O-O g5 15.
Ng3 Ng6 16. Nf5 f6 17. Nd2 Bf8 18. Nc4 Kc7 19. b3 h5 20. f3 Bxf5 21. gxf5 Nh4
22. Rhf1 Ng2 23. Bd2 Qd4 24. Qxd4 cxd4 25. Rf2 Nh4 26. Nxe5 fxe5 27. Bxg5 Bh6
28. f4 Bxg5 29. fxg5 Rdf8 30. Rdf1 Rhg8 31. g6 Kd6 32. Kd2 Rf6 33. Ke2 Rg7 34.
Rg1 Kc5 35. Rg5 Kb4 36. Rxh5 Nxg6 37. fxg6 Rxf2+ 38. Kxf2 Rxg6 39. Rxe5 Kc3 40.
h4 Kxc2 41. h5 Rh6 42. Kg3 Kxd3 43. Kg4 Ke2 44. Re8 d3 45. e5 d2 46. Rd8 d1=Q
47. Rxd1 Kxd1 48. Kg5 Re6 49. Kf5 Rh6 50. Kg5 1/2-1/2

[Event "XII Open Vallee d'Aoste A"]
[Site "Saint Vincent - Chatillon ITA"]
[Date "2004.02.12"]
[Round "6"]
[White "Drabke, Lorenz Maximilian"]
[Black "Gershon, Alik"]
[Result "0-1"]
[WhiteElo "2439"]
[BlackElo "2546"]
[PlyCount "60"]
[EventDate "2004.02.08"]

1. e4 c5 2. Nf3 e6 3. d3 Nc6 4. g3 Nge7 5. Bg2 g6 6. O-O Bg7 7. Re1 d6 8. c3 e5
9. a3 O-O 10. b4 b6 11. Nbd2 h6 12. Nc4 Be6 13. Ne3 Qd7 14. Nd2 Rad8 15. Nd5 f5
16. Nc4 Kh7 17. b5 Nb8 18. a4 Nxd5 19. exd5 Bg8 20. a5 Qb7 21. axb6 axb6 22.
Qa4 Bxd5 23. Bxd5 Qxd5 24. Nxb6 Qf3 25. Qc4 f4 26. Rf1 d5 27. Qxc5 Rf7 28. Qb4
Bf8 29. Qb3 fxg3 30. hxg3 Bc5 0-1

[Event "XII Open Vallee d'Aoste A"]
[Site "Saint Vincent - Chatillon ITA"]
[Date "2004.02.12"]
[Round "6"]
[White "Efimov, Igor"]
[Black "Burmakin, Vladimir"]
[Result "1/2-1/2"]
[WhiteElo "2505"]
[BlackElo "2596"]
[PlyCount "85"]
[EventDate "2004.02.08"]

1. e4 c6 2. d4 d5 3. e5 Bf5 4. Be3 e6 5. c3 Qb6 6. Qb3 Nd7 7. Nd2 h5 8. Ngf3
Be7 9. Be2 Nh6 10. O-O Bg6 11. Rfe1 Nf5 12. Bg5 Bxg5 13. Nxg5 c5 14. Bb5 O-O-O
15. a4 cxd4 16. a5 Qc7 17. cxd4 Nxd4 18. Qa4 Nc2 19. Rec1 Nxe5 20. Nde4 Kb8 21.
Rxc2 Qe7 22. a6 b6 23. Rac1 dxe4 24. Nxe4 Rc8 25. Rxc8+ Rxc8 26. Rxc8+ Kxc8 27.
Qd4 f6 28. Nd6+ Kb8 29. f4 Nf7 30. Ne8 e5 31. fxe5 fxe5 32. Qd5 Be4 33. Qc4 g6
34. b4 Ba8 35. Bc6 Bxc6 36. Qxc6 Nd8 37. Qxg6 Qxb4 38. h3 Qd4+ 39. Kh1 h4 40.
Qg7 Qc5 41. Qd7 Qc1+ 42. Kh2 Qf4+ 43. Kh1 1/2-1/2

[Event "XII Open Vallee d'Aoste A"]
[Site "Saint Vincent - Chatillon ITA"]
[Date "2004.02.12"]
[Round "6"]
[White "Frilli, Guido"]
[Black "Dittmar, Peter"]
[Result "1/2-1/2"]
[WhiteElo "2142"]
[BlackElo "2369"]
[PlyCount "46"]
[EventDate "2004.02.08"]

1. e4 e6 2. d3 d5 3. Qe2 dxe4 4. dxe4 e5 5. Nf3 Nc6 6. c3 Nf6 7. Qc2 Bd6 8.
Nbd2 O-O 9. Nc4 Bg4 10. Be2 Re8 11. Bg5 h6 12. Bh4 Qe7 13. O-O Be6 14. Nfd2 a5
15. Ne3 Nb8 16. Rad1 Nbd7 17. Ndc4 Bc5 18. Nd5 Bxd5 19. exd5 Nf8 20. Bxf6 Qxf6
21. Nxa5 Rxa5 22. b4 Ra3 23. bxc5 Rea8 1/2-1/2

[Event "XII Open Vallee d'Aoste A"]
[Site "Saint Vincent - Chatillon ITA"]
[Date "2004.02.12"]
[Round "6"]
[White "Gagunashvili, Merab"]
[Black "Naumkin, Igor"]
[Result "1-0"]
[WhiteElo "2583"]
[BlackElo "2416"]
[PlyCount "149"]
[EventDate "2004.02.08"]

1. d4 e6 2. c4 Nf6 3. Nf3 b6 4. g3 Bb7 5. Bg2 Be7 6. Nc3 Ne4 7. Bd2 Bf6 8. Qc2
Nxd2 9. Qxd2 O-O 10. Rd1 d5 11. cxd5 exd5 12. O-O a5 13. Ne5 Re8 14. f4 Na6 15.
e4 c6 16. g4 Nc7 17. g5 Be7 18. Ng4 c5 19. Kh1 cxd4 20. Qxd4 Bc5 21. Qd2 d4 22.
Ne2 Bxe4 23. Nxd4 Bxg2+ 24. Kxg2 Qd5+ 25. Nf3 Qxa2 26. Nfe5 Ne6 27. Kh1 Rad8
28. Qg2 Rxd1 29. Nf6+ Kf8 30. Rxd1 Qa4 31. Nxh7+ Kg8 32. Nf6+ Kf8 33. Ned7+ Ke7
34. Nd5+ Kd8 35. Ne3 Qxd1+ 36. Nxd1 Kxd7 37. Qb7+ Kd8 38. Nc3 Nc7 39. Na4 Re1+
40. Kg2 g6 41. Nxb6 Bxb6 42. Qxb6 Re2+ 43. Kg3 Rd2 44. h4 Rd5 45. Kf3 Kd7 46.
Ke4 Rb5 47. Qd4+ Ke8 48. Qh8+ Kd7 49. Qf6 Rf5 50. Qd4+ Ke8 51. Qh8+ Ke7 52. h5
Ne6 53. hxg6 fxg6 54. Qh7+ Kd6 55. Qxg6 Rxf4+ 56. Ke3 Rg4 57. Qd3+ Ke5 58. Qb5+
Kd6 59. g6 Rg3+ 60. Kf2 Rg5 61. Qe8 Rf5+ 62. Ke2 Re5+ 63. Kd2 Rd5+ 64. Kc3 Rg5
65. Kb3 Rg4 66. Ka3 a4 67. Qb5 Ke7 68. Qh5 Rg3+ 69. Kxa4 Kf6 70. Qh4+ Rg5 71.
b4 Kxg6 72. b5 Kf7 73. b6 Rg7 74. Kb5 Ke8 75. Qh8+ 1-0

[Event "XII Open Vallee d'Aoste A"]
[Site "Saint Vincent - Chatillon ITA"]
[Date "2004.02.12"]
[Round "6"]
[White "Giretti Kanev, Jasen"]
[Black "Soylu, Suat"]
[Result "0-1"]
[WhiteElo "2209"]
[BlackElo "2384"]
[PlyCount "72"]
[EventDate "2004.02.08"]

1. d4 d5 2. c4 c6 3. cxd5 cxd5 4. Nc3 Nc6 5. Bf4 Nf6 6. e3 a6 7. Bd3 Bg4 8.
Nge2 e6 9. Rc1 Be7 10. O-O O-O 11. f3 Bh5 12. g4 Bg6 13. Bg3 Bxd3 14. Qxd3 Rc8
15. h3 Nd7 16. Kh2 Nb6 17. b3 Bf6 18. f4 Re8 19. Ng1 Be7 20. Nf3 Ba3 21. Ng5 g6
22. Rcd1 f5 23. Bh4 Qc7 24. Nb1 Bd6 25. Nf3 Nb4 26. Qe2 Nd7 27. Ne5 Nf8 28. Bf6
Qc2 29. Rd2 Qe4 30. Nf3 Nc2 31. Ng5 Qxe3 32. Rxc2 Bxf4+ 33. Kg2 Rxc2 34. Qxc2
fxg4 35. Qf2 Qxf2+ 36. Kxf2 h6 0-1

[Event "XII Open Vallee d'Aoste A"]
[Site "Saint Vincent - Chatillon ITA"]
[Date "2004.02.12"]
[Round "6"]
[White "Godena, Michele"]
[Black "Nisipeanu, Liviu-Dieter"]
[Result "0-1"]
[WhiteElo "2515"]
[BlackElo "2678"]
[PlyCount "108"]
[EventDate "2004.02.08"]

1. e4 c6 2. d4 d5 3. Nd2 dxe4 4. Nxe4 Nf6 5. Nxf6+ gxf6 6. Nf3 Bg4 7. Be2 e6 8.
Be3 Nd7 9. Qd3 Qa5+ 10. Bd2 Bb4 11. a3 Bxd2+ 12. Qxd2 Qc7 13. O-O-O O-O-O 14.
g3 Nb6 15. Rhe1 c5 16. Qc3 c4 17. d5 Nxd5 18. Qd4 Bxf3 19. Bxf3 c3 20. Bxd5
Rxd5 21. Qxf6 cxb2+ 22. Kxb2 Rb5+ 23. Kc1 Re8 24. Re3 Rc5 25. Rd2 Kb8 26. Red3
Rc8 27. Qb2 Qc6 28. Rd8 Qh1+ 29. Rd1 Qe4 30. Rxc8+ Rxc8 31. Qb3 Qc6 32. Qd3 h5
33. Qd6+ Qxd6 34. Rxd6 Rc3 35. Rd8+ Kc7 36. Rh8 Rxa3 37. f4 Ra5 38. Rf8 Rf5 39.
Kd2 a5 40. c4 Kc6 41. Rc8+ Kb6 42. Kd3 a4 43. Kc3 Ra5 44. Kb2 Rc5 45. Rf8 Rxc4
46. Rxf7 Kc6 47. Rh7 Rb4+ 48. Ka3 Re4 49. Rxh5 b5 50. Rh8 Re3+ 51. Kb2 b4 52.
Rc8+ Kd7 53. Rc4 a3+ 54. Kc2 b3+ 0-1

[Event "XII Open Vallee d'Aoste A"]
[Site "Saint Vincent - Chatillon ITA"]
[Date "2004.02.12"]
[Round "6"]
[White "Iordachescu, Viorel"]
[Black "Qendro, Llambi"]
[Result "1-0"]
[WhiteElo "2634"]
[BlackElo "2374"]
[PlyCount "133"]
[EventDate "2004.02.08"]

1. e4 d6 2. d4 Nf6 3. Nc3 g6 4. f4 Bg7 5. Nf3 O-O 6. Be3 b6 7. Bd3 Ba6 8. Bxa6
Nxa6 9. Qe2 Qc8 10. e5 Ng4 11. Bg1 dxe5 12. fxe5 c6 13. h3 Nh6 14. O-O-O Nc7
15. g4 Qa6 16. Qd2 f6 17. Bh2 Nd5 18. Nxd5 cxd5 19. Kb1 Rac8 20. Rhe1 Rc6 21.
Bf4 Nf7 22. exf6 exf6 23. Re7 Rfc8 24. Rde1 Bf8 25. Re8 Rxe8 26. Rxe8 Rc8 27.
Re1 Qb5 28. Qe2 Qxe2 29. Rxe2 Kg7 30. a4 Nd6 31. Nd2 Kf7 32. c3 Nc4 33. Kc2
Nxd2 34. Kxd2 a6 35. Kd3 b5 36. b3 Re8 37. Ra2 g5 38. Be3 Kg6 39. axb5 axb5 40.
Ra7 h5 41. Rd7 hxg4 42. hxg4 Re4 43. Rxd5 Rxg4 44. Rxb5 f5 45. Rb6+ Kf7 46.
Rb7+ Kg6 47. d5 Rg3 48. Ke2 Rg2+ 49. Kf1 Rc2 50. Bd4 f4 51. d6 g4 52. d7 Be7
53. Rb8 Rc1+ 54. Ke2 f3+ 55. Kd2 Bg5+ 56. Be3 f2 57. Rf8 Bxe3+ 58. Kxe3 Rd1 59.
Rxf2 Rxd7 60. b4 Kg5 61. b5 Re7+ 62. Kd4 g3 63. Rb2 Rf7 64. b6 Rf2 65. Rb5+ Kg4
66. b7 Rf4+ 67. Kd3 1-0

[Event "XII Open Vallee d'Aoste A"]
[Site "Saint Vincent - Chatillon ITA"]
[Date "2004.02.12"]
[Round "6"]
[White "Joksic, Sinisa"]
[Black "Zhukova, Natalia"]
[Result "0-1"]
[WhiteElo "2335"]
[BlackElo "2462"]
[PlyCount "106"]
[EventDate "2004.02.08"]

1. d4 d5 2. c4 c6 3. Nf3 Nf6 4. Qb3 dxc4 5. Qxc4 Bf5 6. g3 e6 7. Bg2 Nbd7 8.
O-O Be7 9. Nc3 O-O 10. Bg5 h6 11. Bxf6 Bxf6 12. e4 Bg6 13. Rfd1 Rc8 14. a4 a5
15. b4 b5 16. Qb3 axb4 17. Qxb4 Be7 18. Qb1 b4 19. Ne2 Qa5 20. Nf4 Bh7 21. Nd2
Qa7 22. Nc4 Nf6 23. a5 Rfd8 24. Nb6 Rc7 25. Qb3 g5 26. Nxe6 fxe6 27. Qxe6+ Kg7
28. d5 cxd5 29. exd5 Bd6 30. Qe2 Bc2 31. Re1 b3 32. Qb5 Rc5 33. Qb4 Rxd5 34.
Qc3 Rd3 35. Qc6 b2 36. Qxc2 bxa1=Q 37. Rxa1 Ra3 38. Rb1 Rxa5 39. Nc4 Ra1 40.
Bf1 Rxb1 41. Qxb1 Bc5 42. Ne5 Bxf2+ 43. Kh1 Rd6 44. Qg6+ Kf8 45. Qxh6+ Qg7 46.
Ng6+ Kg8 47. Bc4+ Nd5 48. Qxg5 Qxg6 49. Bxd5+ Kf8 50. Qf4+ Qf6 51. Qb4 Bc5 52.
Qxc5 Qf1+ 53. Qg1 Qxg1+ 0-1